000 00951nam a2200265Ia 4500
003 OSt
005 20220928130658.0
006 a|||||r|||| 00| 0
007 ta
008 220927b |||||||| |||| 00| 0 eng d
020 _c9118.2000000000007
024 _a103023
037 _b502, 05/11/2009, Insat Books and Periodicals
_cTextual
040 _aSDCL
_cSDCL
_beng
041 _2eng
_aeng
082 _aX:8:(D6,8(B),2775), P9
100 _aChhabra Susheel
_9452747
245 0 _aIntegrating e-business models for government solutions
_b Citizen-centric service oriented methodologies and processes.
260 _aNew York
_b Information Science Reference
_c2009
300 _axxii,313p
_ccm.
650 _aFinancial Studies
700 _a Kumar Muneesh
_9452748
942 _hX:8:(D6,8(B),2775), P9
_cTEXL
_2CC
999 _c787951
_d787951